000 00385nam a2200133Ia 4500
008 211109s9999||||xx |||||||||||||| ||und||
082 _a894.8122
_bRAJ-M
100 _aRajaraj Varma, A R,
245 0 _aMalayalasakumthalam
260 _bRamavarma Appanthampuran
_aMisplace
_c1990
630 _xGeneral Stack
650 _aMalayalam Literature
_vMalayalam Poetry
_xMalayalam
942 _cBOOK
999 _c1228
_d1228